000 01471cam a22001934a 4500
005 20250605164400.0
008 250528s ||||||||||||||||||||||||d
035 _a24545
020 _a9602660520
040 _aGR-AtMCL
_bgre
_dGR-AtMCL
_eAACR2
245 1 _aΓενική Χημεία 1. / Γενικό Μέρος
260 _aΑθήνα
_bΣυμμετρία,
_c1999
300 _a375
520 _aΕισαγωγή, Ιστορική Εξέλιξη της Χημείας, Νόμοι και Θεωρίες στις Φυσικές Επιστήμες, Η Σύγχρονη Ατομική Θεωρία, Κατάταξη των Στοιχείων και Περιοδικό Σύστημα, Χημικοί Δεσμοί, Καταστάσεις της ΎΑλης και τα Καυαρά Σωματίδια (Αέρια - Υγρά - Στερεά), Οι Καταστάσεις της Ύλης, Συστήματα (Διαλύματα - Κολλοειδή - Εττερογενή Συστήματα), Χημική Θερμοδυναμική και Θερμοχημεία, Χημική Κινητική και Κατάλυση - Χημική Ισορροπία, Εφαρμογές της Χημικής Ισορροπίας και της Χημικής Θερμοδυναμικής, Περί Συμπλοκών, πΥΡΗΝΙΚΉ χΗΜΕΊΑ ΚΑΙ αΚΤΙΝΟΧΗΜΕΊΑ.
700 1 _aΣακελλαρίδης Π. Οδ
_99465
942 _cBK
999 _c9422
_d9422